| 000 | 00870cam a22002772 4500 | ||
|---|---|---|---|
| 001 | 24573 | ||
| 003 | BD-RjUL | ||
| 005 | 20211209001053.0 | ||
| 008 | 140313s1931 mauch 001 0 eng | ||
| 035 | _a(BD-RjUL)24641 | ||
| 040 |
_aDLC _cTJC _dGZM _dBD-RjUL _beng |
||
| 041 | _aeng | ||
| 082 |
_a928.2 _bSOM 1931 |
||
| 100 | 1 |
_aSouers, Philip Webster. _975629 |
|
| 245 | 1 | 4 |
_aThe matchless Orinda / _cby Philip Webster Souers. |
| 260 |
_aCambridge : _bHarvard university press, _c1931. |
||
| 300 |
_aviii p., 3 l., [3]-326 p. : _bfront., ports., facsim. ; _c22 cm. |
||
| 490 | 1 |
_aHarvard studies in English ; _vvol. V |
|
| 504 | _aBibliography: p. [291]-313. | ||
| 600 | 1 | 0 |
_aPhilips, Katherine, _d1632-1664. _975630 |
| 830 | 0 |
_vvol. V _975633 |
|
| 830 | 0 |
_aHarvard studies in English ; _975634 |
|
| 942 |
_2ddc _cBK |
||
| 999 |
_c24573 _d24573 |
||